| Tag |
First Indicator |
Second Indicator |
Subfields |
| LEADER |
00000pam a2200000 i 4500 |
| 001 |
in00000049794 |
| 005 |
20151007073751.0 |
| 008 |
750224r19751924mau b 00011 eng |
| 010 |
|
|
|a 75005743
|
| 020 |
|
|
|a 0839823207
|
| 035 |
|
|
|a (OCoLC)01578959
|
| 035 |
|
|
|9 AAF0338AM
|
| 040 |
|
|
|a DLC
|c DLC
|d TXA
|d UtOrBLW
|
| 041 |
1 |
|
|a eng
|a rus
|
| 049 |
|
|
|a TXAS
|c [1700627]
|
| 050 |
0 |
0 |
|a PZ3.Z158
|b We20
|a PG3476.Z34
|
| 082 |
0 |
|
|a 891.7/3/42
|
| 100 |
1 |
|
|a Zami︠a︡tin, Evgeniĭ Ivanovich,
|d 1884-1937.
|
| 240 |
1 |
0 |
|a My.
|l English
|
| 245 |
1 |
0 |
|a We /
|c Eugene Zamiatin ; translated from the Russian by Gregory Zilboorg ; with introductory material by Peter Rudy, Marc Slonim, and Gregory Zilboorg, and with a critical afterword by Vasa D. Mihailovich.
|
| 264 |
|
1 |
|a Boston :
|b Gregg Press,
|c 1975.
|
| 300 |
|
|
|a xxix, 236 pages ;
|c 22 cm.
|
| 336 |
|
|
|a text
|b txt
|2 rdacontent
|
| 337 |
|
|
|a unmediated
|b n
|2 rdamedia
|
| 338 |
|
|
|a volume
|b nc
|2 rdacarrier
|
| 490 |
1 |
|
|a Gregg Press science fiction series
|
| 500 |
|
|
|a Translation of My.
|
| 500 |
|
|
|a Reprint of the 1924 edition published by E. P. Dutton, New York; with new material added.
|
| 504 |
|
|
|a Includes bibliographical references.
|
| 700 |
1 |
|
|a Zilboorg, Gregory,
|d 1890-1959.
|
| 700 |
1 |
|
|a Rudy, Peter.
|
| 700 |
1 |
|
|a Slonim, Marc.
|
| 830 |
|
0 |
|a Gregg Press science fiction series.
|
| 999 |
|
|
|a MARS
|
| 999 |
f |
f |
|s 499859d9-bbb6-3a90-9dd9-0856e517fc25
|i fa85467e-dbdf-3629-b32f-40583877b941
|t 0
|
| 952 |
f |
f |
|p noncirc
|a Texas A&M University
|b College Station
|c Cushing Memorial Library & Archives
|d Cushing: Science Fiction (Does not check out)
|t 0
|e PZ3.Z158 We20
|h Library of Congress classification
|i unmediated -- volume
|m A14800433129
|
| 998 |
f |
f |
|a PZ3.Z158 We20
|t 0
|l Cushing: Science Fiction (Does not check out)
|